000 01146nam a2200289 i 4500
003 EG-GICUC
005 20260121101040.0
008 251025s1958 ua ||||fr|||| 000 0 ara d
040 _a EG-GICUC
_bara
_c EG-GICUC
_d EG-GICUC
_erda
041 0 _aara
082 0 4 _221
_a341.6
_bو ز . ع
092 0 4 _221
099 _aLaw1 11 341.6 و ز . ع 1958
110 _aوزارة الحربية
_bالجيش المصري
_eمؤلف.
245 _aالعمليات الحربية في شمال أفريقيا في الحرب العالمية الثانية/
_cوزارة الحربية.
264 1 _aالقاهرة:
_bمطبعة القوات المسلحة,
_c1958.
300 _a؛203 صفحة
_c24 سم
336 _2rda content
_atext
337 _2rda media
_aComputer
338 _2rda carrier
_aOnline Resource
546 _aالنص أغلبه باللغة العربية مع بعض النصوص الإنجليزية
650 1 4 _aالقانون الدولي العام
650 1 4 _aالقانون الحربي
856 4 0 _uhttps://fll.law.cu.edu.eg/fulltext/bks/B11-06466.pdf
905 _aLogain Ashraf
942 _2ddc
_cBK
_e21
_n0
999 _c37293
_d37293